00486pab a2200169 454500008004000000100002000040245011900060260000900179300001300188362001100201650001000212650001100222650002800233700001700261700001800278773002000296180718b2010 xxu||||| |||| 00| 0 eng d areddy, T. Onima aA comparative study of personality traits among sports achievers, non achievers and non participant female tribals c2010 ap.17-19. a16 Aug aWomen aTribes aPersonality development aVijay Bharti aSingh, Vikram aUniversity News